Rappeurs francophones pre 2010 - Statistiques

Statistiques générales
  • Ce quiz a été pris 96 fois
    76 depuis la dernière actualisation
  • Le résultat moyen est 39 sur 228
Statistiques - réponses
Réponse % Correct
Booba
81%
Ninho
65%
Rohff
65%
Akhenaton
62%
Lacrim
62%
Kaaris
60%
Nekfeu
60%
Diam's
58%
Jul
58%
Rim'k
58%
Joey Starr
56%
La Fouine
54%
Mister You
54%
Gims
52%
Niska
52%
Alpha Wann
50%
Kery James
50%
Shurik'n
50%
Soprano
50%
Ali
48%
Damso
48%
Kool Shen
48%
Lino
48%
Alonzo
46%
Lefa
46%
Ademo
44%
Black M
44%
Orelsan
44%
Sinik
44%
Sofiane
44%
L.O.
42%
NOS
42%
SCH
42%
Salif
40%
Alkpote
38%
Alpha 5.20
38%
Guizmo
38%
LIM
38%
Niro
38%
Oxmo Puccino
38%
Tunisiano
38%
Nessbeal
37%
Youssoupha
37%
Aketo
35%
Disiz
33%
Le Rat Luciano
33%
Gradur
31%
Maska
31%
Sefyu
31%
Vald
31%
Zoxea
31%
Freeze Corleone
29%
Hugo TSR
29%
Kalash Criminel
29%
Seth Gueko
29%
S.Pri Noir
29%
Sultan
29%
Doc Gyneco
27%
Mac Tyer
27%
Médine
27%
Deen Burbigo
25%
Don Choa
25%
Keny Arkana
25%
Mokobe
25%
Passi
25%
Dany Dan
23%
Dinos
23%
Doum's
23%
Barack Adama
21%
Despo Rutti
21%
Fababy
21%
Gringe
21%
Hamza
21%
Haroun
21%
Mala
21%
Sadek
21%
Dosseh
19%
Koma
19%
L'algérino
19%
Lord Kossity
19%
Mac Kregor
19%
MC Solaar
19%
Mokless
19%
AP
17%
Demon One
17%
Dry
17%
Exs
17%
Hayce Lemsi
17%
Jazzy Bazz
17%
JR O Chrom
17%
Pit Baccardi
17%
Sat L'Artificier
17%
Croma
15%
Faf Larage
15%
Mystik
15%
Alibi Montana
13%
Blacko
13%
Busta Flex
13%
Calbo
13%
Cens Nino
13%
Rémy
13%
Zesau
13%
25G
12%
Canardo
12%
Fabe
12%
Ol Kainry
12%
Stomy Bugsy
12%
Vincenzo
12%
13or
10%
16ar
10%
Ateyaba
10%
Bram's
10%
Hamé
10%
Kamelancien
10%
Menelik
10%
Mista Flo
10%
Roi Heenok
10%
Selim du 94
10%
Still Fresh
10%
Ben-J
8%
Casey
8%
Farage
8%
Freeman
8%
Hamed Daye
8%
Hi-Fi
8%
Ill
8%
Jacky Brown
8%
Karlito
8%
Koryaz
8%
Manu Key
8%
Menzo
8%
Morad
8%
Nubi
8%
OGB
8%
20Syl
6%
Boulox Force
6%
Davodka
6%
Demi Portion
6%
Doomams
6%
Ekoué
6%
Eloquence
6%
G-Kill
6%
Grodash
6%
K-Maro
6%
LECK
6%
Luv Resval
6%
MC Jean Gab'1
6%
REDK
6%
Rockin Squat
6%
Shone
6%
Teddy Corona
6%
Alain de l'Ombre
4%
Bakar
4%
Cassidy
4%
Daddy Lord C
4%
Flynt
4%
H2O
4%
Iron Sy
4%
Jango Jack
4%
Kazkami
4%
Kennedy
4%
Manau
4%
Rocca
4%
Vaï
4%
Amy
2%
AntilopSa
2%
Boss One
2%
Brasco
2%
Cyanure
2%
El Matador
2%
Falcko
2%
Féfé
2%
Freko Ding
2%
Ikbal Vockal
2%
Issaka
2%
Jeff le Nerf
2%
Katana
2%
Kizito
2%
Kohndo
2%
K.Rhyme Le Roi
2%
Lady Laistee
2%
Melopheelo
2%
Mino
2%
Nakk Mendosa
2%
Papillon Bandana
2%
Sazamyzy
2%
Six Coups MC
2%
Solo
2%
Vicelow
2%
Zekwe Ramos
2%
Axis
0%
Balastik Dogg
0%
BekSoul
0%
Benjamin Epps
0%
Bilel
0%
Bushy
0%
Casus Belli
0%
Charlie Waits
0%
Dadoo
0%
Diesel
0%
Doc TMC
0%
Doumbia
0%
Fofo44
0%
Fredy K
0%
James Izmad
0%
Jarod
0%
Jeap12
0%
Jeep12
0%
Kacem Wapalek
0%
Kalash L'afro
0%
Kamnouze
0%
Kimto Vasquez
0%
Larsen
0%
Leeroy Kesiah
0%
Mombi
0%
Picrate
0%
Raphaël
0%
Seven
0%
Sidi O
0%
Sir Samuel
0%
Sly the Mic Buddah
0%
Smoker
0%
Sneazzy West
0%
Ste Strausz
0%
Sully Sefil
0%
Test
0%
T.Killa
0%
Aucun quiz correspondant
Distribution des résultats
% des personnes avec chaque résultat
Percentile par nombre de réponses
Votre historique - résultats
Vous n’avez pas pris ce quiz depuis la dernière actualisation